Normal view
MARC view
- Speech , , বক্তৃতা
Entry Topical Term
001 - CONTROL NUMBER
- control field: 5619
003 - CONTROL NUMBER IDENTIFIER
- control field: OSt
005 - DATE AND TIME OF LATEST TRANSACTION
- control field: 20231205004123.0
008 - FIXED-LENGTH DATA ELEMENTS
- fixed length control field: 231205|| aca||aabn | a|a d
040 ## - CATALOGING SOURCE
- Original cataloging agency: OSt
- Transcribing agency: OSt
150 ## - HEADING--TOPICAL TERM
- Topical term or geographic name entry element: Speech , , বক্তৃতা
670 ## - SOURCE DATA FOUND
- Source citation: Work cat.: (OSt): শহীদুল্লাহ, কাজী. 5618, শহীদ বুদ্ধিজীবী স্মারক বক্তৃতা /, ২০০৪
